00000000cas 2200000zi 4500
0019.955431
003CaOODSP
00520251210092739
006m     o  d f      
007cr cn ||||||||
008250917c20249999mbcqr p o s  f0    0fre|d
040 |aCaOODSP|bfre|erda|cCaOODSP
043 |an-cn-bc|an-cnp--
0861 |aA92-66F-PDF
24500|aBlé roux de printemps de l'Ouest canadien (CWRS) nos 1 et 2 : |bcargaisons destinées à l'exportation, échantillons regroupés par grade.
264 1|a[Winnipeg] : |bCommission canadienne des grains = Canadian Grain Commission, |c[2023]-
310 |aTrimestriel
336 |atexte|btxt|2rdacontent/fre
337 |ainformatique|bc|2rdamedia/fre
338 |aressource en ligne|bcr|2rdacarrier/fre
3621 |aParaît depuis : 1er trimestre (campagne agricole 2023/2024).
500 |aPublié aussi en anglais sous le titre : Wheat, no. 1 and 2 Canada Western Red Spring (CWRS) : export cargo aggregates by grade.
520 |a« Des échantillons regroupés des cargaisons de blé destinées à l'exportation sont préparés chaque trimestre à partir d'échantillons de chargement, en fonction de la classe, du grade et du point d'expédition, et sont analysés conformément à nos procédures et méthodes normalisées. Nos rapports trimestriels présentent la qualité moyenne des cargaisons de blé roux de printemps de l'Ouest canadien (CWRS) destinées à l'exportation ... »
588 |aDescription d'après : 1er trimestre (campagne agricole 2023/2024); titre de départ du fichier PDF.
588 |aDernière livraison consultée : 3e trimestre (2024/2025).
650 6|aBlé roux de printemps|xQualité|zCanada (Ouest)|vStatistiques|vPériodiques.
655 7|aPériodiques|2rvmgf
655 7|aStatistiques|2rvmgf
7102 |aCommission canadienne des grains, |eorganisme de publication.
7102 |aLaboratoire de recherches sur les grains (Canada), |eorganisme de publication.
77508|tWheat, no. 1 and 2 Canada Western Red Spring (CWRS) : |w(CaOODSP)9.955432